000 00346nam a22001457a 4500
003 OSt
008 250129b |||||||| |||| 00| 0 eng d
020 _a9789353576660
100 _aPANAGARIYA,Arvind
245 _aIndia Unlimited Reclaiming the lost glory
250 _a-
260 _aUK
_bHarper collins
_c-
300 _a371
942 _2ddc
_cBK
999 _c13053
_d13053